[Event "CRO-chT2 West"]
[Site "Rijeka"]
[Date "2012.04.21"]
[Round "4.53"]
[White "Prpic, Ivan"]
[Black "Radmanovic, Lazar"]
[Result "1-0"]
[WhiteElo "2016"]
[BlackElo "1875"]
[PlyCount "116"]
[EventDate "2012.03.17"]
[EventType "team-tourn"]
[EventRounds "9"]
[EventCountry "CRO"]
[SourceTitle "EXT 2013"]
[Source "ChessBase"]
[SourceDate "2012.11.22"]
[SourceVersion "1"]
[SourceVersionDate "2012.11.22"]
[SourceQuality "1"]

1. e4 c6 2. Nf3 d5 3. exd5 cxd5 4. Be2 Nf6 5. 0-0 e6 6. d3 Bd6 7. b3 0-0 8. Bb2 b6 9. Re1 Nbd7 10. Nc3 Ba6 11. h3 Rc8 12. a3 Bb8 13. Na2 Re8 14. c4 Bb7 15. Rc1 Qe7 16. Qd2 Qd6 17. Qg5 h6 18. Qh4 d4 19. Qxd4 Qe7 20. Qh4 Qd6 21. Rcd1 Rc5 22. Nc3 Ne5 23. Ne4 Nxf3+ 24. Bxf3 Qh2+ 25. Kf1 Nxe4 26. dxe4 Qc7 27. Rd3 Bc6 28. Red1 b5 29. Rd8 f6 30. Rxe8+ Bxe8 31. Bd4 Rg5 32. Be3 bxc4 33. Bxg5 hxg5 34. Qg4 cxb3 35. Qxe6+ Bf7 36. Qd7 Bc4+ 37. Be2 Bxe2+ 38. Kxe2 Qe5 39. Qd5+ Kh7 40. Qxe5 Bxe5 41. Kd3 Kg6 42. Rb1 b2 43. Kc2 Kh5 44. Rd1 g4 45. hxg4+ Kxg4 46. Rd7 g5 47. Rxa7 Bd4 48. Rb7 Bxf2 49. Rxb2 Kg3 50. Kd3 Kxg2 51. a4 Kf3 52. Rb5 g4 53. Rf5+ Kg2 54. Ke2 Bd4 55. Rh5 g3 56. a5 Bg1 57. a6 Bd4 58. Rh6 Kg1 1-0

[Event "CRO-chT2 West"]
[Site "Rijeka"]
[Date "2012.03.18"]
[Round "3.23"]
[White "Radmanovic, Lazar"]
[Black "Mrdjen, David"]
[Result "1-0"]
[WhiteElo "1875"]
[BlackElo "1990"]
[PlyCount "137"]
[EventDate "2012.03.17"]
[EventType "team-tourn"]
[EventRounds "9"]
[EventCountry "CRO"]
[SourceTitle "EXT 2013"]
[Source "ChessBase"]
[SourceDate "2012.11.22"]
[SourceVersion "1"]
[SourceVersionDate "2012.11.22"]
[SourceQuality "1"]

1. e4 d5 2. exd5 Qxd5 3. Nc3 Qd6 4. Nf3 Nf6 5. Be2 e5 6. d3 c6 7. Ng5 Qc7 8. 0-0 Bf5 9. Re1 Be7 10. Be3 Nbd7 11. Bf3 0-0 12. Nge4 Nd5 13. Bd2 Rad8 14. Ng3 Be6 15. Nce4 h6 16. Qc1 f5 17. Nc3 f4 18. Nge4 g5 19. Qd1 Rf7 20. Bg4 Nf8 21. Qe2 Bxg4 22. Qxg4 Ng6 23. Kh1 Kg7 24. Ne2 Rh8 25. Qh5 Qd7 26. h3 Nh4 27. Ng1 Nf5 28. Nf3 Qc7 29. c4 Nf6 30. Nxf6 Bxf6 31. Bc3 Re7 32. Nd2 c5 33. Ne4 Nd4 34. Bxd4 cxd4 35. Re2 Rf8 36. Rae1 b6 37. Rc2 Re6 38. Rec1 Rc6 39. b4 b5 40. c5 Be7 41. Qe2 a6 42. Re1 Re6 43. Qg4 Qc6 44. Rce2 Qd5 45. Rc2 Kg6 46. Qe2 f3 47. gxf3 Rf4 48. Rg1 Bd8 49. Rg4 Rf5 50. Kg2 Re7 51. Nd6 Rf4 52. Ne4 Ref7 53. Rxf4 Rxf4 54. c6 Bc7 55. Rc5 Qe6 56. Rc1 Rh4 57. Rh1 Qxc6 58. Qd2 Qd5 59. Qc2 Qf7 60. Qc6+ Kg7 61. Rc1 Bb8 62. Nc5 Rf4 63. Ne6+ Kh7 64. Nxf4 exf4 65. Qe4+ Kg7 66. Qxd4+ Kh7 67. Qe4+ Kg7 68. Rc6 h5 69. Qe6 1-0

[Event "Mediterranean op 3rd"]
[Site "Rijeka"]
[Date "2009.12.03"]
[Round "7"]
[White "Radmanovic, Lazar"]
[Black "Saric, Kristina"]
[Result "0-1"]
[WhiteElo "1890"]
[BlackElo "2190"]
[PlyCount "83"]
[EventDate "2009.11.27"]
[EventType "swiss"]
[EventRounds "9"]
[EventCountry "CRO"]
[SourceTitle "CBM 133 Extra"]
[Source "ChessBase"]
[SourceDate "2010.01.05"]
[SourceVersion "1"]
[SourceVersionDate "2010.01.05"]
[SourceQuality "1"]

1. e4 c5 2. Nf3 d6 3. Bc4 Nc6 4. 0-0 Nf6 5. Re1 Bg4 6. d3 e6 7. Be3 Be7 8. Nbd2 a6 9. a4 0-0 10. Qc1 Rb8 11. h3 Bh5 12. Ng5 d5 13. Ba2 h6 14. exd5 exd5 15. Ngf3 Bd6 16. d4 Bxf3 17. Nxf3 c4 18. c3 Ne4 19. Qc2 f5 20. Rad1 b5 21. Nd2 f4 22. Nxe4 fxe3 23. Rxe3 dxe4 24. Qxe4 Rf6 25. Bb1 Bf4 26. Rf3 Qd6 27. Re1 Bh2+ 28. Kh1 Rxf3 29. gxf3 Bf4 30. Qh7+ Kf7 31. Bf5 Ne7 32. Bg4 Rb6 33. Be6+ Qxe6 34. Rxe6 Rxe6 35. axb5 Ng6 36. h4 Re1+ 37. Kg2 Nxh4+ 38. Kh3 Ng6 39. Kg4 axb5 40. Kf5 Re6 41. d5 Rf6+ 42. Ke4 0-1

[Event "Mediterranean op 2nd"]
[Site "Rijeka"]
[Date "2008.11.29"]
[Round "1"]
[White "Ljubicic, Filip"]
[Black "Radmanovic, Lazar"]
[Result "1-0"]
[WhiteElo "2415"]
[BlackElo "1921"]
[PlyCount "79"]
[EventDate "2008.11.29"]
[EventType "swiss"]
[EventRounds "9"]
[EventCountry "CRO"]
[SourceTitle "CBM 127 Extra"]
[Source "ChessBase"]
[SourceDate "2009.01.08"]
[SourceVersion "2"]
[SourceVersionDate "2009.01.28"]
[SourceQuality "1"]

1. e4 c6 2. d4 d5 3. Nc3 e6 4. Nf3 Bb4 5. e5 c5 6. a3 Bxc3+ 7. bxc3 c4 8. a4 Ne7 9. Ba3 0-0 10. Be2 Nbc6 11. 0-0 Bd7 12. Qd2 Re8 13. Qg5 Nc8 14. Qh5 f6 15. Rfe1 N6e7 16. a5 Kh8 17. Bf1 Rg8 18. g3 Be8 19. Qh3 Bf7 20. exf6 gxf6 21. Qh6 Rg6 22. Qf4 Nf5 23. Bh3 Ng7 24. Ne5 fxe5 25. Qxf7 Nd6 26. Bxd6 Qxd6 27. Rxe5 Rf8 28. Qxb7 Rgf6 29. Rf1 R6f7 30. Qb4 Qc7 31. Bxe6 Nxe6 32. Rxe6 Qd7 33. Re3 Qf5 34. Qd6 Qxc2 35. Qe5+ Kg8 36. Qxd5 Qf5 37. Re5 Qd3 38. Re3 Qc2 39. Qxc4 Kh8 40. Qe2 1-0

[Event "Rijeka op"]
[Site "Rijeka"]
[Date "2007.11.25"]
[Round "1"]
[White "Golubovic, Boris"]
[Black "Radmanovic, Lazar"]
[Result "1-0"]
[WhiteElo "2437"]
[BlackElo "1929"]
[PlyCount "31"]
[EventDate "2007.11.25"]
[EventType "swiss"]
[EventRounds "9"]
[EventCountry "CRO"]
[SourceTitle "CBM 121 Extra"]
[Source "ChessBase"]
[SourceDate "2008.01.10"]
[SourceVersion "1"]
[SourceVersionDate "2008.01.10"]
[SourceQuality "1"]

1. c4 e5 2. g3 Nf6 3. Bg2 Bc5 4. Nc3 c6 5. e3 0-0 6. Nge2 d5 7. cxd5 cxd5 8. d4 exd4 9. exd4 Bb4 10. 0-0 Be6 11. Bg5 Be7 12. Nf4 Ne4 13. Bxe7 Nxc3 14. Bxd8 Nxd1 15. Be7 Re8 16. Ba3 1-0